[Event "TCh-RUS Women 2018"]
[Site "Sochi RUS"]
[Date "2018.05.02"]
[Round "2.3"]
[Board "2"]
[White "Ovod, Evgenija"]
[Black "Lysenko, Margarita"]
[Result "1/2-1/2"]
[WhiteTitle "IM"]
[BlackTitle "WFM"]
[WhiteElo "2371"]
[BlackElo "2220"]
[WhiteTeam "SShOR St. Petersburg"]
[BlackTeam "Moskovskaya oblast"]
[WhiteFideId "4131827"]
[BlackFideId "34100200"]
[EventDate "2018.05.01"]

1. e4 c5 2. c3 g6 3. d4 cxd4 4. cxd4 d5 5. e5 Bg7 6. Nf3 Nh6 7. h3 O-O 8. Nc3
Nc6 9. Bb5 f6 10. O-O Nf7 11. Re1 fxe5 12. Bxc6 bxc6 13. dxe5 d4 14. Nxd4 Nxe5
15. Qb3+ Kh8 16. Be3 Qb6 17. Na4 Qxb3 18. axb3 Nd3 19. Red1 Nb4 20. Nb6 Rb8 21.
Nxc8 Rfxc8 22. Rxa7 Bf6 23. Rc1 c5 24. Ne6 Nd3 25. Rc4 Rxb3 26. Nxc5 Nxc5 27.
Rxc5 Rxc5 28. Bxc5 Rxb2 29. Bxe7 Bd4 30. Rd7 Bxf2+ 31. Kf1 Kg8 32. Bf6 Rb6 33.
Be5 Bh4 34. Rg7+ Kf8 35. Rxh7 Rb1+ 36. Ke2 Re1+ 37. Kf3 Rxe5 38. Rxh4 Kg7 39.
Re4 Ra5 40. Kg4 Kh6 41. Rb4 Rg5+ 42. Kf3 Rf5+ 43. Kg3 Rg5+ 44. Kh2 Ra5 45. Rc4
Kh5 46. Rd4 Rb5 47. Ra4 g5 48. Ra8 Rc5 49. Rb8 Ra5 50. Rc8 Rb5 51. Rd8 Ra5 52.
Re8 Rb5 53. Rf8 Ra5 54. Rg8 Rb5 55. Rh8+ Kg6 56. Ra8 Kh5 57. Rc8 Ra5 58. Rd8 Rb5
59. Re8 Ra5 60. Rg8 Rb5 61. Rf8 Ra5 62. Kg3 Ra3+ 63. Rf3 Ra5 64. Re3 Kg6 65. Rb3
Kf5 66. Kf3 Ra4 67. Rb5+ Kf6 68. Rd5 Rf4+ 69. Ke3 Ra4 70. Rd4 Ra2 71. Kf3 Kf5
72. Rd5+ Kg6 73. Re5 Ra3+ 74. Re3 Ra2 75. Rb3 Kf5 76. Rc3 Rb2 77. Ra3 Rc2 78.
g4+ Kf6 79. Ke4 Re2+ 80. Re3 Ra2 81. Rf3+ Kg6 82. Rd3 Re2+ 83. Kd5 Kf6 84. Rf3+
Kg6 85. Rc3 Rd2+ 86. Ke5 Re2+ 87. Kd4 Rd2+ 88. Rd3 Re2 89. Rb3 Rd2+ 90. Ke3 Rh2
91. Ke4 Re2+ 92. Re3 Ra2 93. Rd3 Re2+ 94. Kd5 Kf6 95. Rf3+ Kg6 96. Rc3 Rd2+ 97.
Ke4 Re2+ 98. Kf3 Rh2 99. Rc6+ Kg7 100. Ke4 Rxh3 101. Kf5 Ra3 102. Rc7+ Kg8 103.
Kxg5 Ra5+ 104. Kg6 Ra6+ 105. Kh5 Ra5+ 106. g5 Ra6 107. Rb7 Rc6 108. Ra7 Rb6 109.
Rd7 Ra6 110. Re7 Rb6 111. Kg4 Rb4+ 112. Kf5 Rb5+ 113. Kf6 Rb6+ 114. Kf5 Rb5+
115. Kg6 Rb6+ 116. Kh5 Ra6 117. Rb7 Rc6 118. g6 Rc1 119. Rb5 Rh1+ 120. Kg5 Rg1+
121. Kf6 Rf1+ 122. Rf5 Rxf5+ 123. Kxf5 Kg7 124. Kg5 Kg8 125. Kg4 Kg7 126. Kh5
Kg8 127. Kh6 Kh8 128. Kg5 Kg7 129. Kf5 Kg8 130. Kf6 Kf8 131. g7+ Kg8 132. Kg6 1/2-1/2

[Event "TCh-RUS Women 2018"]
[Site "Sochi RUS"]
[Date "2018.05.02"]
[Round "2.3"]
[Board "3"]
[White "Kryukova, Irina"]
[Black "Belenkaya, Dina"]
[Result "1/2-1/2"]
[WhiteTitle "WGM"]
[BlackTitle "WGM"]
[WhiteElo "2261"]
[BlackElo "2297"]
[WhiteTeam "Moskovskaya oblast"]
[BlackTeam "SShOR St. Petersburg"]
[WhiteFideId "4109228"]
[BlackFideId "24142654"]
[EventDate "2018.05.01"]

1. e4 c6 2. d4 d5 3. Nc3 dxe4 4. Nxe4 Bf5 5. Ng3 Bg6 6. Nh3 Nd7 7. Nf4 e5 8.
Nxg6 hxg6 9. dxe5 Qa5+ 10. Bd2 Qxe5+ 11. Qe2 Ngf6 12. O-O-O O-O-O 13. Qxe5 Nxe5
14. h3 Bd6 15. f4 Ned7 16. Bc4 Rhf8 17. Rhf1 Nb6 18. Bb3 Nbd5 19. Bxd5 Nxd5 20.
Ne4 Rfe8 21. Nxd6+ Rxd6 22. c4 Nf6 23. Bc3 Rxd1+ 24. Kxd1 Re4 25. Bxf6 gxf6 26.
b3 Re3 27. Rf2 a5 28. Re2 Rg3 29. Kc2 Kd7 30. c5 a4 31. Kb2 Rd3 32. Ka3 axb3 33.
axb3 Rd4 34. f5 gxf5 35. b4 f4 36. Ka4 f5 37. Ka5 Re4 38. Rd2+ Kc7 39. Rf2 Rd4
40. Re2 Re4 41. Rf2 Kb8 42. h4 Ka7 43. Ka4 b6 44. Kb3 bxc5 45. bxc5 Ka6 46. h5
Kb5 47. h6 Re3+ 48. Kc2 Re6 49. Rxf4 Rxh6 50. Rxf5 f6 51. g4 Rg6 52. Kc3 Rxg4
53. Rxf6 Rc4+ 54. Kb3 Rxc5 55. Rf3 Rg5 56. Kc2 Rg4 57. Rh3 c5 58. Rf3 Rg2+ 59.
Kc1 Kb4 60. Rh3 Re2 61. Rg3 c4 62. Rh3 Ra2 63. Rg3 Ra5 64. Kc2 Ra2+ 65. Kc1 c3
66. Rg8 Ra5 1/2-1/2

[Event "TCh-RUS Women 2018"]
[Site "Sochi RUS"]
[Date "2018.05.02"]
[Round "2.3"]
[Board "4"]
[White "Balaian, Alina"]
[Black "Selifonova, Aleksandra"]
[Result "1-0"]
[WhiteTitle "WIM"]
[WhiteElo "2228"]
[BlackElo "1890"]
[WhiteTeam "SShOR St. Petersburg"]
[BlackTeam "Moskovskaya oblast"]
[WhiteFideId "24115347"]
[BlackFideId "24115983"]
[EventDate "2018.05.01"]

1. e4 e5 2. Nf3 Nc6 3. Bb5 a6 4. Ba4 g6 5. c3 Nge7 6. O-O Bg7 7. d4 exd4 8. cxd4
b5 9. Bb3 O-O 10. Nc3 d6 11. h3 Na5 12. Bc2 c5 13. Bg5 Qc7 14. Rc1 Bb7 15. Bb1
h6 16. Bf4 Qb6 17. dxc5 dxc5 18. Qd6 Nac6 19. Be3 b4 20. Na4 Qb5 21. b3 c4 22.
Rxc4 Rfd8 23. Qc5 Nc8 24. Rcc1 Nd6 25. Qxb5 Nxb5 26. Bb6 Rd6 27. Bc5 Re6 28. Be3
Bf8 29. Rfd1 Rd6 30. Rxd6 Bxd6 31. Bxh6 Re8 32. Be3 Nd8 33. Nd2 Ne6 34. Nc4 Bf4
35. Kf1 Rd8 36. g3 Bg5 37. h4 Bf6 38. Na5 Bc8 39. Nc6 Rd7 40. Nb6 Bb2 41. Nxd7
Bxc1 42. Ne7+ Kg7 43. Nxc8 Bb2 44. Nc5 Nec7 45. Bd3 Nc3 46. Bd4+ Kf8 47. Nxa6
Ne6 48. Be5 Ke8 49. Nxb4 Nxa2 50. Nd6+ Ke7 51. Nd5+ Kd7 52. Bb5+ 1-0

[Event "TCh-RUS Women 2018"]
[Site "Sochi RUS"]
[Date "2018.05.03"]
[Round "3.1"]
[Board "2"]
[White "Pogonina, Natalija"]
[Black "Kashlinskaya, Alina"]
[Result "1-0"]
[WhiteTitle "WGM"]
[BlackTitle "IM"]
[WhiteElo "2457"]
[BlackElo "2448"]
[WhiteTeam "Ugra"]
[BlackTeam "Legacy Square Capital Moscow"]
[WhiteFideId "4147855"]
[BlackFideId "4198026"]
[EventDate "2018.05.01"]

1. d4 Nf6 2. c4 e6 3. Nf3 d5 4. Nc3 Bb4 5. e3 O-O 6. Bd3 b6 7. O-O Ba6 8. Qe2
Bxc3 9. bxc3 dxc4 10. Bxc4 Bxc4 11. Qxc4 c5 12. dxc5 Qc7 13. Qb5 bxc5 14. c4
Nbd7 15. Bd2 Rab8 16. Qa5 Qc6 17. Rfb1 h6 18. Be1 Rb7 19. Rb3 Rfb8 20. Rab1 Rb6
21. h3 Kh7 22. Qc3 Kg8 23. Qc2 Qe4 24. Qxe4 Nxe4 25. Ba5 Rxb3 26. axb3 Kf8 27.
Kf1 Ke7 28. Ke2 Rb7 29. g4 f6 30. Rb2 Nb8 31. Nd2 Nxd2 32. Kxd2 Nc6 33. Bc3 Nb4
34. Bxb4 Rxb4 35. Kc3 a6 36. h4 g5 37. hxg5 hxg5 38. f3 Rb6 39. Rh2 Kd6 40. Rh7
Ke5 41. Rd7 Rb8 42. Rc7 Kd6 43. Ra7 Rb6 44. Ra8 Ke5 45. Rc8 Kd6 46. f4 Rc6 47.
Rg8 gxf4 48. exf4 Rc7 49. Rd8+ Kc6 50. Rf8 Rg7 51. Rxf6 Rxg4 52. Rxe6+ Kd7 53.
Rf6 Ke7 54. Rf5 Kd6 55. Kd3 Rg3+ 56. Ke4 Rxb3 57. Rf6+ Ke7 58. Rxa6 Rc3 59. Kd5
Rf3 60. Re6+ Kd7 61. Re4 Rf2 62. Kxc5 Rf1 63. Kd5 Rd1+ 64. Rd4 Rh1 65. f5 Rf1
66. Ke5+ Ke7 67. Rf4 Re1+ 68. Kd5 Rd1+ 69. Kc5 Kf6 70. Rf2 Rc1 71. Kd5 Rd1+ 72.
Kc6 Rc1 73. c5 1-0

[Event "TCh-RUS Women 2018"]
[Site "Sochi RUS"]
[Date "2018.05.03"]
[Round "3.1"]
[Board "3"]
[White "Kovalevskaya, Ekaterina"]
[Black "Girya, Olga"]
[Result "1-0"]
[WhiteTitle "IM"]
[BlackTitle "WGM"]
[WhiteElo "2397"]
[BlackElo "2465"]
[WhiteTeam "Legacy Square Capital Moscow"]
[BlackTeam "Ugra"]
[WhiteFideId "4116704"]
[BlackFideId "4195752"]
[EventDate "2018.05.01"]

1. e4 c6 2. d4 d5 3. Nc3 dxe4 4. Nxe4 Bf5 5. Ng3 Bg6 6. Nh3 Nd7 7. Bc4 e6 8. Nf4
Bd6 9. Nxg6 hxg6 10. Ne4 Ndf6 11. Ng5 Qc7 12. Qe2 b5 13. Bb3 Nh6 14. Bd2 O-O 15.
h4 a5 16. h5 gxh5 17. Ne4 Nxe4 18. Bxh6 gxh6 19. Qxe4 a4 20. Rxh5 Bf4 21. g3
axb3 22. gxf4 f5 23. Qxe6+ Rf7 24. Qxh6 Re8+ 25. Kd2 1-0

[Event "TCh-RUS Women 2018"]
[Site "Sochi RUS"]
[Date "2018.05.03"]
[Round "3.1"]
[Board "4"]
[White "Nechaeva, Marina"]
[Black "Shuvalova, Polina"]
[Result "1/2-1/2"]
[WhiteTitle "IM"]
[BlackTitle "WIM"]
[WhiteElo "2407"]
[BlackElo "2416"]
[WhiteTeam "Ugra"]
[BlackTeam "Legacy Square Capital Moscow"]
[WhiteFideId "4149351"]
[BlackFideId "24171760"]
[EventDate "2018.05.01"]

1. d4 Nf6 2. c4 e6 3. Nc3 d5 4. cxd5 Nxd5 5. e4 Nxc3 6. bxc3 c5 7. Nf3 cxd4 8.
cxd4 Bb4+ 9. Bd2 Bxd2+ 10. Qxd2 O-O 11. Bc4 Nd7 12. O-O b6 13. a4 Bb7 14. Rfe1
Nf6 15. Bd3 h6 16. a5 bxa5 17. Rxa5 Qc7 18. Rc5 Qe7 19. Qa5 Rfd8 20. h3 a6 21.
Qa1 Rac8 22. Ra5 Rc7 23. Qa3 Qxa3 24. Rxa3 Rdc8 25. e5 Bxf3 26. exf6 Rc1 27.
Rxc1 Rxc1+ 28. Kh2 Bd5 29. fxg7 Bc4 30. Bxc4 Rxc4 31. d5 exd5 32. Rxa6 Kxg7 33.
Rd6 Rd4 34. g4 Rd3 35. h4 Kh7 36. Kg2 Kg7 37. h5 Rd1 38. Kf3 Rd4 39. Kg3 Rd2 40.
f3 Rd4 41. Kf2 Rd2+ 42. Ke3 Rd1 43. Ra6 Re1+ 44. Kd4 Rd1+ 45. Ke5 Rd3 46. f4 Rg3
47. Kf5 Rf3 48. Rd6 Rf1 49. Rxd5 Rf2 50. Rd4 Rf1 51. Rd2 Rh1 52. Rg2 Rh3 53. g5
Rxh5 54. Kg4 Rh1 55. gxh6+ Rxh6 56. Kf5+ 1/2-1/2

[Event "TCh-RUS Women 2018"]
[Site "Sochi RUS"]
[Date "2018.05.03"]
[Round "3.2"]
[Board "1"]
[White "Bodnaruk, Anastasia"]
[Black "Ambartsumova, Karina"]
[Result "1-0"]
[WhiteTitle "IM"]
[BlackTitle "WGM"]
[WhiteElo "2446"]
[BlackElo "2375"]
[WhiteTeam "SShOR St. Petersburg"]
[BlackTeam "Ladya Tatarstan"]
[WhiteFideId "4181751"]
[BlackFideId "4166299"]
[EventDate "2018.05.01"]

1. e4 e5 2. Nf3 Nf6 3. Nxe5 d6 4. Nf3 Nxe4 5. Nc3 Nxc3 6. dxc3 Be7 7. Be3 O-O 8.
Bd3 Nd7 9. Qe2 Nf6 10. O-O-O c6 11. c4 Re8 12. h3 Qa5 13. Kb1 d5 14. Nd4 Bd7 15.
g4 dxc4 16. Bxc4 b5 17. Bd3 Nd5 18. Be4 Nxe3 19. Qxe3 Bf6 20. Nb3 Qc7 21. Bxh7+
Kh8 22. Be4 Qe5 23. c3 Qxe4+ 24. Qxe4 Rxe4 25. Rxd7 Kg8 26. Rhd1 a5 27. R7d6 a4
28. Nc5 Rf4 29. Nd3 Rc4 30. a3 Re8 31. f4 Re2 32. g5 Bxc3 33. bxc3 Rxc3 34. Nc1
Rf2 35. R6d3 Rc4 36. Rd8+ Kh7 37. Nd3 Rh2 38. Rc1 Rxh3 39. Rxc4 bxc4 40. Ne5
Rxa3 41. g6+ fxg6 42. Nf7 g5 43. f5 g6 44. f6 1-0

[Event "TCh-RUS Women 2018"]
[Site "Sochi RUS"]
[Date "2018.05.03"]
[Round "3.2"]
[Board "3"]
[White "Styazhkina, Anna"]
[Black "Markelova, Lubov"]
[Result "1-0"]
[WhiteTitle "WIM"]
[BlackTitle "WFM"]
[WhiteElo "2299"]
[BlackElo "2127"]
[WhiteTeam "SShOR St. Petersburg"]
[BlackTeam "Ladya Tatarstan"]
[WhiteFideId "24119300"]
[BlackFideId "24131369"]
[EventDate "2018.05.01"]

1. e4 e6 2. d4 d5 3. Nd2 c5 4. Ngf3 cxd4 5. Nxd4 Nc6 6. Bb5 Bd7 7. Nxc6 Bxc6 8.
Bxc6+ bxc6 9. c4 Nf6 10. Qa4 Qc7 11. exd5 exd5 12. O-O Be7 13. b3 O-O 14. Bb2
Rfd8 15. Nf3 Ne4 16. Rac1 Nc5 17. Qb4 Nd3 18. Qc3 Nxb2 19. Qxb2 Bf6 20. Qc2 Qa5
21. cxd5 cxd5 22. Rfd1 Qb4 23. Qc6 Qe4 24. Kf1 Qe6 25. Qb7 a5 26. Rc6 Qd7 27.
Rc7 Qe6 28. Re1 Qa6+ 29. Qxa6 Rxa6 30. Rd7 Raa8 31. Rxd8+ Rxd8 32. Rc1 d4 33.
Ke2 d3+ 34. Kd2 Bb2 35. Rc4 Ba3 36. Rd4 Bb4+ 37. Kxd3 Rc8 38. Rc4 Rd8+ 39. Nd4
g6 40. Kc2 Re8 41. Kd3 Rd8 42. Ke2 Kg7 43. Nc2 Be7 44. Ne3 Bb4 45. Rc2 h5 46.
Nc4 Rd5 47. a3 Be7 48. Rd2 Rb5 49. Rd3 Rc5 50. Rd7 Kf6 51. a4 Ke6 52. Ra7 Bd8
53. Ra6+ Kd7 54. Ke3 Rg5 55. g3 Rf5 56. f4 Bc7 57. Kd4 h4 58. Ne3 Rh5 59. g4 Rh8
60. Nd5 Bd8 61. Ra7+ Ke6 62. h3 Rf8 63. Rb7 Rh8 64. Ra7 Rf8 65. Kc5 Rh8 66. Ra6+
Kd7 67. Ra7+ Ke6 68. Kc6 Rf8 69. Ra8 Rh8 70. Ne3 Ke7 71. Nc4 Re8 72. Nd6 Rf8 73.
Nb7 1-0

[Event "TCh-RUS Women 2018"]
[Site "Sochi RUS"]
[Date "2018.05.03"]
[Round "3.2"]
[Board "4"]
[White "Bulatova, Kamaliya"]
[Black "Balaian, Alina"]
[Result "1-0"]
[WhiteTitle "WFM"]
[BlackTitle "WIM"]
[WhiteElo "2121"]
[BlackElo "2228"]
[WhiteTeam "Ladya Tatarstan"]
[BlackTeam "SShOR St. Petersburg"]
[WhiteFideId "34111546"]
[BlackFideId "24115347"]
[EventDate "2018.05.01"]

1. d4 Nf6 2. c4 c5 3. d5 b5 4. cxb5 a6 5. bxa6 g6 6. Nc3 Bxa6 7. e4 Bxf1 8. Kxf1
d6 9. g3 Bg7 10. Nf3 Nbd7 11. a4 O-O 12. Kg2 Qb6 13. Qe2 Ne8 14. Bg5 f6 15. Bd2
Nc7 16. Rab1 Qb3 17. Ra1 Rfb8 18. Rhb1 Nb6 19. Ra3 Qc4 20. Qe3 Qa6 21. b3 Qb7
22. a5 Nc8 23. Ra4 Na6 24. h4 Qd7 25. Ne1 Rb7 26. Qe2 Nb4 27. Na2 Na6 28. Ra3 e6
29. b4 cxb4 30. Nxb4 exd5 31. exd5 Qf7 32. Nec2 Ne7 33. Qf3 Nc5 34. Re1 Rba7 35.
Nd4 Rxa5 36. Rxa5 Rxa5 37. Rxe7 Qxe7 38. Nbc6 Qe4 39. Bxa5 f5 40. Qxe4 Nxe4 41.
Ne6 Bb2 42. Bb4 Nf6 43. Nc7 Kf7 44. Bxd6 Nxd5 45. Nd8+ 1-0

[Event "TCh-RUS Women 2018"]
[Site "Sochi RUS"]
[Date "2018.05.03"]
[Round "3.3"]
[Board "1"]
[White "Dordzhieva, Dinara"]
[Black "Bivol, Alina"]
[Result "0-1"]
[WhiteTitle "WIM"]
[BlackTitle "WGM"]
[WhiteElo "2301"]
[BlackElo "2327"]
[WhiteTeam "Devyataya gorizontal Moscow"]
[BlackTeam "Moskovskaya oblast"]
[WhiteFideId "24157570"]
[BlackFideId "4100123"]
[EventDate "2018.05.01"]

1. d4 Nf6 2. c4 g6 3. Nc3 Bg7 4. e4 d6 5. f3 O-O 6. Be3 Nc6 7. Nge2 a6 8. Qd2
Rb8 9. Rc1 Bd7 10. Nd1 Re8 11. Nf2 e6 12. g4 b5 13. cxb5 axb5 14. Bg2 Qc8 15.
O-O Qa6 16. b3 Rec8 17. Rc2 Nd8 18. Rfc1 c6 19. Nd3 Be8 20. Bf4 Nb7 21. Nb4 Qb6
22. Be3 c5 23. Nd3 Rd8 24. dxc5 dxc5 25. b4 Nd7 26. bxc5 Ndxc5 27. Rxc5 Nxc5 28.
Bxc5 Qa6 29. Qe3 Qxa2 30. e5 Qa4 31. Bd6 Rbc8 32. Nc5 Qa7 33. Kh1 b4 34. f4 Bc6
35. Bxc6 Rxc6 36. Qe4 Qa8 37. Rb1 Bf8 38. Bxf8 Kxf8 39. Nd4 Rxc5 40. Qxa8 Rxa8
41. Rxb4 Ra1+ 42. Kg2 Ra2+ 43. Kf3 Rc3+ 44. Ke4 Rc8 45. h3 Rca8 46. Rb6 R2a4 47.
Rd6 Ke8 48. f5 R8a6 49. fxe6 fxe6 50. Rxa6 Rxa6 51. Nf3 Ra4+ 52. Ke3 Kd7 53. Kf2
Ra3 54. Kg2 Re3 55. Kf2 Re4 56. Kg3 h6 57. Nh4 g5 58. Ng6 Ke8 59. h4 Ra4 60. h5
Ra8 0-1

[Event "TCh-RUS Women 2018"]
[Site "Sochi RUS"]
[Date "2018.05.03"]
[Round "3.3"]
[Board "4"]
[White "Selifonova, Aleksandra"]
[Black "Tomashevskaya, Lidia"]
[Result "1-0"]
[BlackTitle "WIM"]
[WhiteElo "1890"]
[BlackElo "2146"]
[WhiteTeam "Moskovskaya oblast"]
[BlackTeam "Devyataya gorizontal Moscow"]
[WhiteFideId "24115983"]
[BlackFideId "4113110"]
[EventDate "2018.05.01"]

1. e4 c6 2. d4 d5 3. Nc3 dxe4 4. Nxe4 Nf6 5. Nxf6+ gxf6 6. Be3 Nd7 7. Qh5 Nb6 8.
Nf3 Be6 9. b3 Qd7 10. Nh4 Nd5 11. h3 Nxe3 12. fxe3 Qd6 13. Bd3 Qg3+ 14. Ke2
O-O-O 15. Be4 Qg5 16. Qxg5 fxg5 17. Nf5 Bxf5 18. Bxf5+ e6 19. Bd3 Bg7 20. c3 h5
21. Raf1 Rhf8 22. Rf2 c5 23. Rhf1 cxd4 24. exd4 f5 25. Bc4 Kc7 26. Kd3 Kd6 27.
Ke3 h4 28. Be2 Kc7 29. Bc4 e5 30. d5 f4+ 31. Ke4 a6 32. Be2 Kd6 33. c4 a5 34.
Bg4 Kc5 35. Rd2 Rd6 36. Rfd1 b5 37. cxb5 Kxb5 38. Rc2 Ra8 39. Rc7 Bf6 40. Rdc1
Rad8 41. Rb7+ Ka6 42. Rcc7 a4 43. Be2+ Ka5 44. b4# 1-0

[Event "TCh-RUS Women 2018"]
[Site "Sochi RUS"]
[Date "2018.05.04"]
[Round "4.1"]
[Board "2"]
[White "Kashlinskaya, Alina"]
[Black "Lysenko, Margarita"]
[Result "1-0"]
[WhiteTitle "IM"]
[BlackTitle "WFM"]
[WhiteElo "2448"]
[BlackElo "2220"]
[WhiteTeam "Legacy Square Capital Moscow"]
[BlackTeam "Moskovskaya oblast"]
[WhiteFideId "4198026"]
[BlackFideId "34100200"]
[EventDate "2018.05.01"]

1. d4 Nf6 2. c4 d6 3. Nf3 Nbd7 4. Nc3 e5 5. e4 Be7 6. Be2 O-O 7. O-O c6 8. h3
exd4 9. Nxd4 Nc5 10. Qc2 a5 11. Be3 Re8 12. Rad1 Qc7 13. f4 Bf8 14. Bf3 Bd7 15.
g4 Kh8 16. Qg2 Ncxe4 17. Bxe4 d5 18. cxd5 cxd5 19. Bf5 Rxe3 20. g5 Rxc3 21. bxc3
Bxf5 22. Nxf5 Ne4 23. Rxd5 Nxc3 24. Re5 f6 25. Re6 fxg5 26. fxg5 Qd7 27. Rfe1
Rc8 28. Kh1 b5 29. g6 Nd5 30. Qf3 hxg6 31. Rxg6 Nf6 32. Reg1 Re8 33. Nxg7 Bxg7
34. Rxg7 Qxg7 35. Rxg7 Kxg7 36. Qb7+ Kg6 37. Qxb5 Re3 38. Kg2 Ra3 39. Qb2 Re3
40. Qc2+ Re4 41. Kf3 Kf5 42. a4 Ke5 43. Qc7+ Kd4 44. Qb6+ 1-0

[Event "TCh-RUS Women 2018"]
[Site "Sochi RUS"]
[Date "2018.05.04"]
[Round "4.1"]
[Board "3"]
[White "Kryukova, Irina"]
[Black "Shuvalova, Polina"]
[Result "0-1"]
[WhiteTitle "WGM"]
[BlackTitle "WIM"]
[WhiteElo "2261"]
[BlackElo "2416"]
[WhiteTeam "Moskovskaya oblast"]
[BlackTeam "Legacy Square Capital Moscow"]
[WhiteFideId "4109228"]
[BlackFideId "24171760"]
[EventDate "2018.05.01"]

1. e4 c6 2. d4 d5 3. Nc3 dxe4 4. Nxe4 Bf5 5. Nc5 b6 6. Nb3 e6 7. Nf3 Nf6 8. g3
Bd6 9. Bg2 Qc7 10. O-O Nbd7 11. Qe2 O-O 12. Re1 Rac8 13. Ne5 c5 14. Nxd7 Nxd7
15. dxc5 bxc5 16. Bd2 e5 17. c4 e4 18. Ba5 Qb8 19. Bxe4 Rce8 20. Qc2 Rxe4 21.
Rxe4 Nf6 22. Nd2 Be5 23. Rae1 Bxb2 24. Bc3 Bxc3 25. Qxc3 Nxe4 26. Nxe4 Qb4 27.
a3 Qxc3 28. Nxc3 Rb8 29. Re5 g6 30. Rxc5 Rb3 31. Nd5 Bh3 32. Rb5 Rxa3 33. Rb1 a5
34. c5 a4 35. c6 Rb3 36. Rxb3 axb3 37. f3 b2 38. Nc3 Be6 39. Kf2 Kf8 40. Ke3 Ke7
41. Kd2 Bf5 0-1

[Event "TCh-RUS Women 2018"]
[Site "Sochi RUS"]
[Date "2018.05.04"]
[Round "4.1"]
[Board "4"]
[White "Voit, Daria"]
[Black "Selifonova, Aleksandra"]
[Result "1-0"]
[WhiteTitle "FM"]
[WhiteElo "2382"]
[BlackElo "1890"]
[WhiteTeam "Legacy Square Capital Moscow"]
[BlackTeam "Moskovskaya oblast"]
[WhiteFideId "4182146"]
[BlackFideId "24115983"]
[EventDate "2018.05.01"]

1. Nf3 Nf6 2. c4 e6 3. d4 d5 4. g3 dxc4 5. Bg2 Nc6 6. Qa4 Bb4+ 7. Bd2 Nd5 8.
Bxb4 Nxb4 9. Na3 a6 10. Ne5 O-O 11. Nxc6 Nxc6 12. Bxc6 bxc6 13. Qxc4 Rb8 14. b3
a5 15. Nc2 Rb6 16. Qc3 Qd5 17. O-O Ba6 18. Rfe1 Qh5 19. f3 Qg6 20. Rac1 Ra8 21.
Qxa5 Bb7 22. Qe5 Rb5 23. Qxc7 h5 24. d5 exd5 25. Nd4 Rc8 26. Qd7 Rb6 27. Nf5 Qe6
28. Qxe6 fxe6 29. Ne7+ Kf7 30. Nxc8 Bxc8 31. e4 d4 32. Red1 e5 33. Rc5 Kf6 34.
f4 Ra6 35. Rxe5 Rxa2 36. Rxd4 Ra1+ 37. Kf2 Ra2+ 38. Ke3 Rxh2 39. Rd6+ Kf7 40.
Rxc6 Bg4 41. Rc7+ Kf6 42. Rb5 Be6 43. f5 1-0

[Event "TCh-RUS Women 2018"]
[Site "Sochi RUS"]
[Date "2018.05.04"]
[Round "4.2"]
[Board "1"]
[White "Ushenina, Anna"]
[Black "Bodnaruk, Anastasia"]
[Result "1-0"]
[WhiteTitle "GM"]
[BlackTitle "IM"]
[WhiteElo "2443"]
[BlackElo "2446"]
[WhiteTeam "Ugra"]
[BlackTeam "SShOR St. Petersburg"]
[WhiteFideId "14110911"]
[BlackFideId "4181751"]
[EventDate "2018.05.01"]

1. d4 Nf6 2. Nf3 g6 3. g3 Bg7 4. Bg2 d5 5. c4 c6 6. O-O O-O 7. Qb3 dxc4 8. Qxc4
Be6 9. Qa4 Nbd7 10. Nc3 Nd5 11. Rd1 Nxc3 12. bxc3 Bd5 13. Qc2 Nf6 14. Ba3 Qc7
15. Qd3 Be4 16. Qe3 Rfe8 17. Bf1 Qa5 18. c4 Bc2 19. Qd2 Qa4 20. Rdc1 Be4 21. Qc3
b5 22. Ne5 bxc4 23. Bc5 Nd5 24. Qxc4 Qxc4 25. Nxc4 Nc7 26. f3 Bf5 27. e4 Bd7 28.
Ne5 Bxe5 29. dxe5 Ne6 30. Be3 a5 31. f4 Rab8 32. f5 gxf5 33. exf5 Nc7 34. g4 Nd5
35. Bf2 Rb4 36. h3 Reb8 37. e6 fxe6 38. fxe6 Bxe6 39. Rxc6 Nf4 40. Bg3 Bf7 41.
Re1 Re8 42. a3 Rd4 43. Rc5 a4 44. Rce5 Nd3 45. Rg5+ Bg6 46. Re3 Nf4 47. Rge5 e6
48. Bb5 Re7 49. Bxf4 Rxf4 50. Kg2 Kf7 51. Kg3 Rd4 52. Rf3+ Kg7 53. h4 h6 54. Rf4
Rxf4 55. Kxf4 Bc2 56. Rc5 Bb3 57. Ke5 Rf7 58. Rc3 Rb7 59. Bc6 Rf7 60. Rd3 Rf2
61. Rd7+ Kg8 62. Ra7 h5 63. Bxa4 Ba2 64. g5 Rf5+ 65. Kd6 Rd5+ 66. Ke7 Rd4 67.
Kf6 Bd5 68. Bd7 Rxh4 69. Bxe6+ Bxe6 70. Ra8+ Kh7 71. g6+ Kh6 72. Rh8# 1-0

[Event "TCh-RUS Women 2018"]
[Site "Sochi RUS"]
[Date "2018.05.04"]
[Round "4.2"]
[Board "2"]
[White "Ovod, Evgenija"]
[Black "Pogonina, Natalija"]
[Result "0-1"]
[WhiteTitle "IM"]
[BlackTitle "WGM"]
[WhiteElo "2371"]
[BlackElo "2457"]
[WhiteTeam "SShOR St. Petersburg"]
[BlackTeam "Ugra"]
[WhiteFideId "4131827"]
[BlackFideId "4147855"]
[EventDate "2018.05.01"]

1. e4 e5 2. Nf3 Nc6 3. Bc4 Bc5 4. c3 Nf6 5. d4 exd4 6. e5 d5 7. Bb5 Ne4 8. cxd4
Bb6 9. Nc3 O-O 10. Be3 Bd7 11. Bd3 Bg4 12. h3 Bh5 13. g4 Bg6 14. h4 h5 15. g5
Nxc3 16. bxc3 Bxd3 17. Qxd3 g6 18. a4 Qd7 19. Ng1 Ba5 20. Ne2 Ne7 21. Ng3 b6 22.
f4 Rac8 23. Ra2 c5 24. O-O Qh3 25. Rg2 cxd4 26. Bxd4 Nf5 27. e6 fxe6 28. Re1 Rc6
29. Re3 Kh7 30. Qa6 Nxd4 31. Qb7+ Kg8 32. f5 Rxc3 33. f6 Rc1+ 34. Kf2 Rf7 35.
Qb8+ Kh7 36. Qe8 Rfc7 37. f7 R7c2+ 38. Re2 Rxe2+ 0-1

[Event "TCh-RUS Women 2018"]
[Site "Sochi RUS"]
[Date "2018.05.04"]
[Round "4.2"]
[Board "4"]
[White "Styazhkina, Anna"]
[Black "Kovanova, Baira"]
[Result "0-1"]
[WhiteTitle "WIM"]
[BlackTitle "WGM"]
[WhiteElo "2299"]
[BlackElo "2358"]
[WhiteTeam "SShOR St. Petersburg"]
[BlackTeam "Ugra"]
[WhiteFideId "24119300"]
[BlackFideId "4164083"]
[EventDate "2018.05.01"]

1. e4 e5 2. Nf3 Nc6 3. Nc3 Nf6 4. a3 d6 5. d4 Bg4 6. d5 Nd4 7. Be2 Nxe2 8. Qxe2
Bd7 9. h3 h6 10. Nh2 g6 11. Ng4 Nh5 12. Be3 Bg7 13. g3 a6 14. O-O-O Qe7 15. Bd2
b5 16. Ne3 O-O 17. Nf5 gxf5 18. Qxh5 Qf6 19. g4 Qg6 20. Qh4 fxe4 21. Rhg1 f6 22.
Rde1 c6 23. Nxe4 cxd5 24. Nxd6 Rac8 25. Nxc8 Rxc8 26. c3 b4 27. Qh5 Qd3 28. Rg3
Qc4 29. Qg6 Be8 30. Qc2 bxa3 31. b3 Qc5 32. f4 e4 33. f5 Bb5 34. c4 Qf2 35. Rge3
Bf8 36. R3e2 Qb6 37. Bc3 Bxc4 38. bxc4 Rxc4 39. Kd1 Qc6 40. Rd2 Rxc3 41. Qa2
Rc1+ 42. Ke2 Qb5+ 43. Kf2 Rxe1 44. Kxe1 Bb4 0-1